000
00276nam a22001097a 4500
008
170119b xxu||||| |||| 00| 0 eng d
020
_a
0867204397
041
_a
eng
080
_a
618.2
245
_a
MANAGEMENT AND LEADERSHIP FOR NURSE MANAGERS
_c
SWANSBURG, R.C
942
_2
udc
_c
BK
999
_c
3193
_d
3193